Statistics for NFL 2024 AP All-Pro Team

Click here to take the quiz!

General Stats

  • This quiz has been taken 464 times
  • The average score is 22 of 30

Answer Stats

PositionTeamPlayer% Correct
QBBALLamar Jackson
99%
WRDALCeeDee Lamb
98%
RBSFChristian McCaffrey
98%
WRMIATyreek Hill
98%
WRDETAmon-Ra St. Brown
97%
TESFGeorge Kittle
97%
CPHIJason Kelce
96%
EDGEPITT.J. Watt
94%
EDGECLEMyles Garrett
93%
DIKCChris Jones
92%
CBNYJSauce Gardner
92%
LTSFTrent Williams
92%
LBNYJQuincy Williams
91%
DILARAaron Donald
90%
LBSFFred Warner
88%
LBBALRoquan Smith
85%
RGDALZack Martin
79%
CBDALDaRon Bland
75%
RTDETPenei Sewell
72%
SBALKyle Hamilton
70%
FBSFKyle Juszczyk
65%
KDALBrandon Aubrey
62%
STBAntoine Winfield Jr.
61%
LGKCJoe Thuney
58%
SCBKCTrent McDuffie
53%
PRNORashid Shaheed
38%
PLVAJ Cole
29%
KRGBKeisean Nixon
25%
STPITMiles Killebrew
8%
LSJAXRoss Matiscik
4%

Score Distribution

Percentile by Number Answered

Percent of People with Each Score

Your Score History

You have not taken this quiz